[Event "Europe Echecs Blitz May op"]
[Site "Europe Echecs INT"]
[Date "2021.05.09"]
[Round "9"]
[White "Mataigne, Jean Michel"]
[Black "Loureiro, Hugo"]
[Result "0-1"]
[WhiteElo "1896"]
[BlackElo "1763"]
[PlyCount "80"]
[EventDate "2021.05.09"]
[EventType "swiss (blitz)"]
[EventRounds "11"]
[EventCountry "FRA"]
[SourceTitle "CBM 202 Extra"]
[Source "ChessBase"]
[SourceDate "2021.07.31"]
[SourceVersion "1"]
[SourceVersionDate "2021.07.31"]
[SourceQuality "1"]

1. e4 c6 2. d3 d6 3. Nf3 Qc7 4. g3 Nd7 5. Bg2 e5 6. 0-0 Ne7 7. d4 Ng6 8. c4 Be7 9. Nc3 Nf6 10. c5 h5 11. cxd6 Bxd6 12. dxe5 Nxe5 13. Nxe5 Bxe5 14. f4 Bd6 15. e5 Bc5+ 16. Kh1 Ng4 17. Ne4 Be7 18. h3 Qb6 19. Nd6+ Bxd6 20. exd6 Nf2+ 21. Rxf2 Qxf2 22. Qb3 Qe1+ 23. Kh2 h4 24. Qe3+ Qxe3 25. Bxe3 hxg3+ 26. Kxg3 Bf5 27. a4 Kd7 28. Rd1 Rhe8 29. Bf2 Be4 30. a5 Bxg2 31. Kxg2 Re2 32. a6 Rxb2 33. axb7 Rb8 34. Kg3 R8xb7 35. Bc5 R7b3+ 36. Kg4 Rg2+ 37. Kf5 Rb5 38. Rc1 Re2 39. Kg4 a5 40. Bd4 f6 0-1

[Event "FRA-ch Blitz Online Qual"]
[Site "Europe Echecs INT"]
[Date "2020.05.16"]
[Round "6"]
[White "Spano, Remy"]
[Black "Mataigne, Jean Michel"]
[Result "1-0"]
[WhiteElo "1662"]
[BlackElo "1900"]
[PlyCount "77"]
[EventDate "2020.05.16"]
[EventType "swiss (blitz)"]
[EventRounds "15"]
[EventCountry "FRA"]
[SourceTitle "CBM 196 Extra"]
[Source "ChessBase"]
[SourceDate "2020.07.31"]
[SourceVersion "1"]
[SourceVersionDate "2020.07.31"]
[SourceQuality "1"]

1. e4 d6 2. Bc4 Nf6 3. Qe2 Nc6 4. Nf3 Bg4 5. c3 Ne5 6. d4 Bxf3 7. gxf3 Nxc4 8. Qxc4 c6 9. Bg5 g6 10. Qe2 Bg7 11. Nd2 0-0 12. Qe3 b5 13. Bh6 e5 14. Bg5 Qb6 15. dxe5 Qxe3+ 16. Bxe3 dxe5 17. 0-0-0 a5 18. Nb3 a4 19. Nc5 a3 20. b3 Nh5 21. Rd6 Rfc8 22. Rhd1 Nf4 23. Nd7 Rd8 24. Bb6 Rdc8 25. Be3 Ne6 26. Nb6 Rd8 27. Nxa8 Rxd6 28. Rxd6 Bf8 29. Rxc6 Kg7 30. Nc7 Nxc7 31. Rxc7 b4 32. cxb4 Bxb4 33. Bc5 Bc3 34. Bxa3 Bd4 35. Bd6 h5 36. Re7 Kf6 37. Rc7 Ke6 38. Bb4 f5 39. exf5+ 1-0

[Event "La Fere op 11th"]
[Site "La Fere"]
[Date "2012.07.14"]
[Round "9"]
[White "Rouffignac, Marie"]
[Black "Mataigne, Jean Michel"]
[Result "1/2-1/2"]
[WhiteElo "1689"]
[BlackElo "2008"]
[PlyCount "74"]
[EventDate "2012.07.07"]
[EventType "swiss"]
[EventRounds "9"]
[EventCountry "FRA"]
[SourceTitle "CBM 149 Extra"]
[Source "ChessBase"]
[SourceDate "2012.08.24"]
[SourceVersion "1"]
[SourceVersionDate "2012.08.24"]
[SourceQuality "1"]

1. e4 d6 2. d4 Nf6 3. Nc3 g6 4. f4 Bg7 5. Bd3 0-0 6. Nf3 Nc6 7. e5 dxe5 8. dxe5 Nd5 9. Nxd5 Qxd5 10. 0-0 Nb4 11. Be2 Qc5+ 12. Qd4 Qxd4+ 13. Nxd4 c5 14. c3 cxd4 15. cxb4 Be6 16. b3 f6 17. exf6 Bxf6 18. Bd3 Bf5 19. Bc4+ Kg7 20. Bb2 Rad8 21. Rad1 Rd6 22. Rd2 h6 23. Rfd1 Rfd8 24. h3 h5 25. Kf2 h4 26. Bd3 e5 27. Bxf5 gxf5 28. fxe5 Bxe5 29. Rc2 R8d7 30. Rc5 Kf6 31. Kf3 Ke6 32. Re1 Rd5 33. Bxd4 Rxd4 34. Rcxe5+ Kf6 35. a3 Rd2 36. R1e2 R2d3+ 37. R5e3 R3d4 1/2-1/2

[Event "La Fere op 11th"]
[Site "La Fere"]
[Date "2012.07.13"]
[Round "8"]
[White "Mataigne, Jean Michel"]
[Black "Merbeth, Paul"]
[Result "0-1"]
[WhiteElo "2008"]
[BlackElo "1718"]
[PlyCount "58"]
[EventDate "2012.07.07"]
[EventType "swiss"]
[EventRounds "9"]
[EventCountry "FRA"]
[SourceTitle "CBM 149 Extra"]
[Source "ChessBase"]
[SourceDate "2012.08.24"]
[SourceVersion "1"]
[SourceVersionDate "2012.08.24"]
[SourceQuality "1"]

1. e4 c5 2. c3 Nf6 3. e5 Nd5 4. d4 cxd4 5. Nf3 Nc6 6. Bc4 Nb6 7. Bb3 d5 8. exd6 Qxd6 9. 0-0 Bf5 10. cxd4 e6 11. Nc3 Nd5 12. Bxd5 exd5 13. Nb5 Qd7 14. Bf4 Rc8 15. Re1+ Be6 16. Ng5 a6 17. Nxe6 fxe6 18. Nc3 Be7 19. Qh5+ g6 20. Qg4 0-0 21. Bh6 Rf5 22. Re2 b5 23. Rae1 Bf6 24. Rxe6 Bxd4 25. Nd1 Ne5 26. Qxd4 Qxe6 27. Ne3 Rh5 28. Ng4 Qxg4 29. Qxd5+ Nf7 0-1

[Event "La Fere op 11th"]
[Site "La Fere"]
[Date "2012.07.12"]
[Round "7"]
[White "Mataigne, Jean Michel"]
[Black "Dagnicourt, Francis"]
[Result "1-0"]
[WhiteElo "2008"]
[BlackElo "1668"]
[PlyCount "67"]
[EventDate "2012.07.07"]
[EventType "swiss"]
[EventRounds "9"]
[EventCountry "FRA"]
[SourceTitle "CBM 149 Extra"]
[Source "ChessBase"]
[SourceDate "2012.08.24"]
[SourceVersion "1"]
[SourceVersionDate "2012.08.24"]
[SourceQuality "1"]

1. e4 d6 2. d4 Nf6 3. Nc3 g6 4. g3 Bg7 5. Bg2 0-0 6. Nge2 e5 7. h3 Nc6 8. Be3 a6 9. a4 Bd7 10. 0-0 Qc8 11. Kh2 Ne7 12. Qd2 Rd8 13. g4 Rf8 14. Rad1 Nc6 15. f4 exd4 16. Nxd4 Qd8 17. g5 Nh5 18. Nd5 Ne7 19. b3 Nxd5 20. exd5 Rc8 21. Nf3 c6 22. c4 c5 23. Nh4 f5 24. Bf3 Qe7 25. Rde1 Qf7 26. Rg1 Rce8 27. Bxh5 gxh5 28. g6 hxg6 29. Nxg6 Qf6 30. Nxf8 Rxf8 31. Bf2 Kh7 32. Qe2 Qd8 33. Qxh5+ Bh6 34. Qg6+ 1-0

[Event "La Fere op 10th"]
[Site "La Fere"]
[Date "2011.07.04"]
[Round "3.17"]
[White "Mataigne, Jean Michel"]
[Black "Delias, Gerard"]
[Result "0-1"]
[WhiteElo "2017"]
[BlackElo "1580"]
[PlyCount "72"]
[EventDate "2011.07.02"]
[EventType "swiss"]
[EventRounds "9"]
[EventCountry "FRA"]
[SourceTitle "EXT 2012"]
[Source "ChessBase"]
[SourceDate "2011.11.24"]
[SourceVersion "1"]
[SourceVersionDate "2011.11.24"]
[SourceQuality "1"]

1. e4 c5 2. c3 d5 3. exd5 Qxd5 4. d4 Nc6 5. Nf3 Nf6 6. Be2 e6 7. Na3 cxd4 8. Nb5 Bd6 9. Nxd6+ Qxd6 10. cxd4 0-0 11. 0-0 Nb4 12. Bg5 Nbd5 13. Rc1 Bd7 14. Qb3 Ne4 15. Be3 Bc6 16. Ne5 Nxe3 17. fxe3 Nd2 18. Qc2 Nxf1 19. Rxf1 Rac8 20. Qd1 Bd5 21. Bd3 f6 22. Qh5 f5 23. g4 Be4 24. g5 Qe7 25. g6 h6 26. Bxe4 fxe4 27. Rf7 Qg5+ 28. Qxg5 hxg5 29. Rxb7 Rc2 30. Nf7 Re2 31. Nxg5 Rc8 32. Rxg7+ Kxg7 33. Nxe6+ Kf6 34. Nc5 Kxg6 35. Kf1 Rxb2 36. a4 Rxh2 0-1

[Event "Cappelle op 27th"]
[Site "Cappelle la Grande"]
[Date "2011.02.28"]
[Round "3"]
[White "Butkiewicz, Lukasz"]
[Black "Mataigne, Jean Michel"]
[Result "1-0"]
[WhiteElo "2394"]
[BlackElo "2068"]
[PlyCount "65"]
[EventDate "2011.02.26"]
[EventType "swiss"]
[EventRounds "9"]
[EventCountry "FRA"]
[SourceTitle "CBM 141 Extra"]
[Source "ChessBase"]
[SourceDate "2011.05.03"]
[SourceVersion "1"]
[SourceVersionDate "2011.05.03"]
[SourceQuality "1"]

1. e4 d6 2. d4 Nf6 3. Nc3 g6 4. f4 Bg7 5. Nf3 0-0 6. Bd3 Nc6 7. 0-0 e5 8. fxe5 dxe5 9. d5 Nd4 10. Nxe5 Nxd5 11. Nxd5 Bxe5 12. Bf4 Nc6 13. Qd2 Be6 14. c4 f6 15. Be3 Qd6 16. h3 Nd4 17. b4 c6 18. c5 Qd7 19. Nf4 Bf7 20. Rad1 Rad8 21. Qf2 Qe7 22. Bb1 Nb5 23. Rxd8 Rxd8 24. Nd3 Bc4 25. Nxe5 Bxf1 26. Ng4 Bd3 27. Nxf6+ Kg7 28. Bxd3 Rxd3 29. Bh6+ Kh8 30. Ng4 Qd8 31. Bg5 Rd1+ 32. Kh2 Qe8 33. Qf6+ 1-0

[Event "La Fere op"]
[Site "La Fere"]
[Date "2010.07.09"]
[Round "8"]
[White "Boudier, Eric"]
[Black "Mataigne, Jean Michel"]
[Result "0-1"]
[WhiteElo "1858"]
[BlackElo "2054"]
[PlyCount "77"]
[EventDate "2010.07.03"]
[EventType "swiss"]
[EventRounds "9"]
[EventCountry "FRA"]
[SourceTitle "CBM 137 Extra"]
[Source "ChessBase"]
[SourceDate "2010.09.01"]
[SourceVersion "1"]
[SourceVersionDate "2010.09.01"]
[SourceQuality "1"]

1. Nc3 g6 2. e4 d6 3. f4 Bg7 4. Nf3 c5 5. Bc4 Nc6 6. d3 Nf6 7. f5 gxf5 8. 0-0 fxe4 9. dxe4 0-0 10. Qe1 Be6 11. Bxe6 fxe6 12. Ng5 Qd7 13. Be3 h6 14. Nf3 Ng4 15. Bd2 Qe8 16. Qg3 Qh5 17. h3 Nge5 18. Nh4 Kh7 19. Bf4 Bf6 20. Nf3 Rg8 21. Qf2 Rg7 22. Bg3 Nxf3+ 23. Qxf3 Qxf3 24. Rxf3 Nd4 25. Rxf6 exf6 26. Bxd6 Nxc2 27. Rf1 Ne3 28. Rxf6 Rxg2+ 29. Kh1 Rag8 30. Rf7+ R8g7 31. Rxg7+ Rxg7 32. Bxc5 Nc4 33. b3 Nb6 34. Ne2 Rc7 35. Bd6 Rc2 36. Nd4 Rd2 37. Nb5 a6 38. Bf4 Rd1+ 39. Kg2 0-1

[Event "La Fere op"]
[Site "La Fere"]
[Date "2010.07.03"]
[Round "1"]
[White "Mataigne, Jean Michel"]
[Black "Jean, Robert"]
[Result "1/2-1/2"]
[WhiteElo "2054"]
[BlackElo "1815"]
[PlyCount "81"]
[EventDate "2010.07.03"]
[EventType "swiss"]
[EventRounds "9"]
[EventCountry "FRA"]
[SourceTitle "CBM 137 Extra"]
[Source "ChessBase"]
[SourceDate "2010.09.01"]
[SourceVersion "1"]
[SourceVersionDate "2010.09.01"]
[SourceQuality "1"]

1. e4 c5 2. c3 Nf6 3. e5 Nd5 4. d4 cxd4 5. Nf3 Nc6 6. Bc4 Nb6 7. Bb3 d6 8. exd6 Qxd6 9. 0-0 Be6 10. Bxe6 Qxe6 11. Nxd4 Nxd4 12. Qxd4 Rd8 13. Qh4 Qe2 14. Nd2 Rxd2 15. Bxd2 Qxd2 16. Rfd1 Qh6 17. Qg3 Qc6 18. b4 h5 19. Qb8+ Nc8 20. b5 Qc5 21. Qxb7 Nd6 22. Qa8+ Nc8 23. a4 Rh6 24. a5 Rf6 25. Ra2 e5 26. b6 axb6 27. a6 Rd6 28. Rxd6 Bxd6 29. a7 Qxc3 30. Qxc8+ Qxc8 31. a8Q Qxa8 32. Rxa8+ Ke7 33. Ra7+ Ke6 34. Rb7 Bc5 35. Kf1 g6 36. Ke2 f5 37. f3 Kf6 38. Kd3 g5 39. h3 g4 40. fxg4 hxg4 41. hxg4 1/2-1/2

[Event "La Fere op 8th"]
[Site "La Fere"]
[Date "2009.07.06"]
[Round "4"]
[White "Mataigne, Jean Michel"]
[Black "Belloc, Sidonie"]
[Result "1-0"]
[WhiteElo "2053"]
[BlackElo "1792"]
[PlyCount "53"]
[EventDate "2009.07.04"]
[EventType "swiss"]
[EventRounds "9"]
[EventCountry "FRA"]
[SourceTitle "CBM 131 Extra"]
[Source "ChessBase"]
[SourceDate "2009.09.03"]
[SourceVersion "2"]
[SourceVersionDate "2009.09.16"]
[SourceQuality "1"]

1. e4 e6 2. d4 d5 3. e5 c5 4. c3 Nc6 5. Nf3 Qb6 6. a3 Nge7 7. b4 cxd4 8. cxd4 Nf5 9. Bb2 Bd7 10. g4 Nfe7 11. h4 a6 12. Nc3 Na7 13. Bd3 Bb5 14. Nxb5 Nxb5 15. Qd2 Nc6 16. 0-0 Be7 17. Qf4 0-0 18. g5 Rac8 19. Rad1 Nca7 20. Rc1 Rc6 21. h5 Qc7 22. Rxc6 Nxc6 23. Qg4 Qd7 24. Kg2 Nc7 25. Bc1 g6 26. Rh1 Bd8 27. Qh4 1-0

[Event "La Fere op 6th"]
[Site "La Fere"]
[Date "2007.07.07"]
[Round "1"]
[White "Mataigne, Jean Michel"]
[Black "Dragojlovic, Andjelko"]
[Result "0-1"]
[WhiteElo "2017"]
[BlackElo "2432"]
[PlyCount "56"]
[EventDate "2007.07.07"]
[EventType "swiss"]
[EventRounds "9"]
[EventCountry "FRA"]
[SourceTitle "CBM 119 Extra"]
[Source "ChessBase"]
[SourceDate "2007.09.04"]
[SourceVersion "1"]
[SourceVersionDate "2007.09.04"]
[SourceQuality "1"]

1. e4 c5 2. c3 g6 3. d4 cxd4 4. cxd4 d5 5. e5 Nc6 6. Nc3 Bg7 7. Bf4 f6 8. Qd2 fxe5 9. dxe5 d4 10. Ne4 Bf5 11. Ng3 Nxe5 12. Nxf5 gxf5 13. Bxe5 Bxe5 14. Bb5+ Kf8 15. Nf3 Qd5 16. Qe2 Bf6 17. 0-0 e5 18. Nd2 d3 19. Bxd3 Rd8 20. Bc4 Qxd2 21. Qh5 Nh6 22. f4 Kg7 23. fxe5 Bxe5 24. Rad1 Qe3+ 25. Kh1 Rxd1 26. Rxd1 Rd8 27. Rf1 Bf6 28. h4 Rd4 0-1

[Event "La Fere op 5th"]
[Site "La Fere"]
[Date "2006.07.14"]
[Round "9"]
[White "Mataigne, Jean Michel"]
[Black "Cappon, John"]
[Result "1-0"]
[WhiteElo "1963"]
[BlackElo "2231"]
[PlyCount "37"]
[EventDate "2006.07.08"]
[EventType "swiss"]
[EventRounds "9"]
[EventCountry "FRA"]
[SourceTitle "CBM 113 Extra"]
[Source "ChessBase"]
[SourceDate "2006.09.14"]
[SourceVersion "1"]
[SourceVersionDate "2006.09.14"]
[SourceQuality "1"]

1. e4 c5 2. c3 d5 3. exd5 Qxd5 4. d4 Nf6 5. Nf3 Bg4 6. Be2 e6 7. Na3 Nc6 8. h3 Bh5 9. Be3 cxd4 10. Nb5 Rc8 11. Nbxd4 Bc5 12. Nxe6 Qxe6 13. Bxc5 Bxf3 14. gxf3 Ne5 15. Ba3 Nd5 16. Qa4+ Rc6 17. 0-0-0 Nxc3 18. bxc3 Qxa2 19. Rd8+ 1-0